Vegueries de Catalunya - Statistics

General Stats
  • This quiz has been taken 17 times
  • The average score is 5 of 8
Answer Stats
Vegueries % Correct
Barcelona
92%
Girona
83%
Lleida
75%
Central
67%
Terres de l'Ebre
67%
Camp de Tarragona
58%
Alt Pirineu
50%
Penedès
50%
No matching quizzes found
Score Distribution
Percent of People with Each Score
Percentile by Number Answered
Your Score History
You have not taken this quiz